- Coney, Michael
Entry Personal Name
001 - CONTROL NUMBER
- control field: 153756
003 - CONTROL NUMBER IDENTIFIER
- control field: TR-AnTOB
005 - DATE AND TIME OF LATEST TRANSACTION
- control field: 20260417103548.0
008 - FIXED-LENGTH DATA ELEMENTS
- fixed length control field: 830719n| azannaabn |a aaa
010 ## - LIBRARY OF CONGRESS CONTROL NUMBER
- LC control number: n 82219290
- Canceled/invalid LC control number: n 86838047
035 ## - SYSTEM CONTROL NUMBER
- System control number: (OCoLC)oca00876353
040 ## - CATALOGING SOURCE
- Original cataloging agency: DLC
- Language of cataloging: eng
- Description conventions: rda
- Transcribing agency: DLC
- Modifying agency: DLC
- Modifying agency: OCoLC
- Modifying agency: OCl
- Modifying agency: DLC
- Modifying agency: UPB
- Modifying agency: TR-AnTOB
046 ## - SPECIAL CODED DATES
- Birth date: 1932-09-28
- Death date: 2005-11-04
- Source of date scheme: edtf
053 #0 - LC CLASSIFICATION NUMBER
- Classification number element--single number or beginning number of span: PR6053.O453
100 1# - HEADING--PERSONAL NAME
- Personal name: Coney, Michael
370 ## - ASSOCIATED PLACE
- Place of birth: Birmingham (England)
- Place of death: Saanichton (B.C.)
- Source of term: naf
372 ## - FIELD OF ACTIVITY
- Field of activity: Science fiction
- Source of term: lcsh
374 ## - OCCUPATION
- Occupation: Authors
- Source of term: lcsh
375 ## - GENDER
- Gender: Males
- Source of term: lcdgt
377 ## - ASSOCIATED LANGUAGE
- Language code: eng
378 ## - FULLER FORM OF PERSONAL NAME
- Fuller form of personal name: Michael Greatrex
400 1# - SEE FROM TRACING--PERSONAL NAME
- Personal name: Coney, Michael Greatrex
400 1# - SEE FROM TRACING--PERSONAL NAME
- Personal name: Kouni, Maĭkl
400 1# - SEE FROM TRACING--PERSONAL NAME
- Personal name: Coney, Michael G.,
- Dates associated with a name: 1932-2005
670 ## - SOURCE DATA FOUND
- Source citation: His Hello summer, 1975.
670 ## - SOURCE DATA FOUND
- Source citation: His Forest ranger, ahoy! 1983:
- Information found: t.p. (Michael Coney) Can CIP (Coney, Michael, 1932-)
670 ## - SOURCE DATA FOUND
- Source citation: His Fang, the gnome, 1988:
- Information found: CIP t.p. (Michael Greatrex Coney)
670 ## - SOURCE DATA FOUND
- Source citation: nuc86-838047: His Mirror image, 1973
- Information found: (hdg. on GU rept.: Coney, Michael G.; usage: Michael G. Coney)
670 ## - SOURCE DATA FOUND
- Source citation: Zdravstvuĭ, leto, i proshchaĭ, 2000:
- Information found: t.p. (Maĭkl Kouni) t.p. verso (Michael G. Coney [in rom.])
670 ## - SOURCE DATA FOUND
- Source citation: Wikipedia WWW site, Nov. 9, 2005
- Information found: (Michael G. Coney; b. Sept. 28, 1932, Birmingham, England; d. Nov. 4, 2005, Saanich Peninsula Hospital; Canadian science fiction writer)
670 ## - SOURCE DATA FOUND
- Source citation: Syzygy, 1973:
- Information found: title page (Michael G. Coney)
670 ## - SOURCE DATA FOUND
- Source citation: Wikipedia, 25 April 2018
- Information found: (Michael G. Coney; full name: Michael Gretrex Coney; 28 September 1932-4 November 2005; British science fiction writer, best known for his novel Hello Summer Goodbye; he spent the later half of his life in Canada)
688 ## - APPLICATION HISTORY NOTE
- Institution to which field applies: TR-AnTOB
- Application history note: GU 17.04.2026



